=LDR 00000nam 2200000 4500 =001 INLIS000000000023293 =005 20221011094008 =035 ##$$a 0010-061300000023293 =008 221011###########################0###### =041 ##$$a Ind =082 ##$$a 340.159 =090 ##$$a 340.159, Sut p =100 ##$$a Sutami, Siti =245 1#$$a Tata hukum indonesia, Siti Soetami, SH =260 ##$$a 2005 :$b Bandung =300 ##$$a 153 hlm, 23 cm =650 #4$$a Tata hukum indonesia =850 ##$$a NBPNMAT =990 ##$$a 90666/BPAP-NTB/2014